Tutti gli Stati che hanno controllato Varsavia - Statistics

Statistiche generali
  • Questo quiz è stato fatto 7 volte
  • Il punteggio medio è 19 su 22
Statistiche sulle risposte
con Immagini Hint Risposta % Corretto
1944 - 1945 Alleati (URSS)
100%
1569 - 1655 Confederazione polacco-lituana
100%
1658 - 1702 Confederazione polacco-lituana
100%
1704 - 1705 Confederazione polacco-lituana
100%
1705 - 1795 Confederazione polacco-lituana
100%
1806 - 1815 Ducato Francese di Varsavia
100%
1815 - 1915 Impero Russo
100%
1655 - 1658 Impero Svedese
100%
1702 - 1704 Impero Svedese
100%
1705 Impero Svedese
100%
1915 - 1918 Impero Tedesco (Regno di Polonia)
100%
1918 - 1939 Prima Repubblica di Polonia
100%
1795 - 1806 Regno di Prussia
100%
1945 - 1989 Repubblica Popolare Polacca
100%
1989 - Oggi Seconda Repubblica Polacca
100%
1939 - 1944 Terzo Reich
100%
1300 - 1310 Ducato di Masovia
67%
1310 - 1370 Ducato di Varsavia
67%
1381 - 1488 Ducato di Varsavia
67%
1526 - 1569 Secondo Regno di Polonia
67%
1370 - 1381 Ducato di Masovia
33%
1488 - 1526 Ducato di Masovia
33%
Nessun quiz corrispondente trovato
Distribuzione punteggi
Percentuale di utenti per punteggio
Percentile per numero di risposta
I tuoi punteggi nel tempo
Non hai fatto questo quiz